000
00248nam a2200097Ia 4500
008
240331s9999 xx 000 0 und d
082
_b
PAT
100
_a
Pathmanathan, S
245
0
_a
Ilangai thamilar thesa valamaikalum samuka valamaikalum
942
_c
L
999
_c
3608
_d
3608